UK Towns Quiz - Falkirk - Scotland - Statistics

General Stats
  • This quiz has been taken 55 times
  • The average score is 13 of 25
Answer Stats
Clue Town Population % Correct
F Falkirk 34,627
97%
L Larbert 12,682
91%
G Grangemouth 16,016
88%
H Head of Muir 1,539
79%
B Bonnybridge 5,069
76%
P Polmont 5,046
76%
S Stenhousemuir 9,585
76%
B Bo'ness 14,885
70%
D Denny 9,384
70%
R Redding 3,808
61%
M Maddiston 3,831
52%
A Airth 1,696
48%
D Dunipace 2,568
45%
B Brightons 4,042
42%
C Carron 2,249
42%
S Slamannan 1,169
42%
C Carronshore 2,882
36%
S Shieldhill 2,348
36%
B Banknock 2,313
33%
H Hallglen 3,159
33%
W Westquarter 1,078
30%
L Laurieston 2,490
27%
R Reddingmuirhead 2,153
21%
D Dennyloanhead 1,566
18%
G Greenhill 2,047
6%
No matching quizzes found
Score Distribution
Percent of People with Each Score
Percentile by Number Answered
Your Score History
You have not taken this quiz